000 00291nam a22001337a 4500
008 181219b xxu||||| |||| 00| 0 eng d
020 _a0316099392
041 _aeng
080 _a720
100 _a41
101 _aARK
245 _aForm Follows Fiasco
_cBlake,P
942 _2udc
_cBK
999 _c53521
_d53521